|
|
|
|
| LEADER |
03063nam a22005415i 4500 |
| 001 |
978-3-540-85428-9 |
| 003 |
DE-He213 |
| 005 |
20151204154637.0 |
| 007 |
cr nn 008mamaa |
| 008 |
100301s2009 gw | s |||| 0|eng d |
| 020 |
|
|
|a 9783540854289
|9 978-3-540-85428-9
|
| 024 |
7 |
|
|a 10.1007/978-3-540-85428-9
|2 doi
|
| 040 |
|
|
|d GrThAP
|
| 050 |
|
4 |
|a QC173.45-173.458
|
| 072 |
|
7 |
|a PHF
|2 bicssc
|
| 072 |
|
7 |
|a SCI077000
|2 bisacsh
|
| 082 |
0 |
4 |
|a 530.41
|2 23
|
| 245 |
1 |
0 |
|a Quantum and Semi-classical Percolation and Breakdown in Disordered Solids
|h [electronic resource] /
|c edited by Bikas K. Chakrabarti, Kamal K. Bardhan, Asok K. Sen.
|
| 264 |
|
1 |
|a Berlin, Heidelberg :
|b Springer Berlin Heidelberg,
|c 2009.
|
| 300 |
|
|
|a XIV, 326 p. 155 illus.
|b online resource.
|
| 336 |
|
|
|a text
|b txt
|2 rdacontent
|
| 337 |
|
|
|a computer
|b c
|2 rdamedia
|
| 338 |
|
|
|a online resource
|b cr
|2 rdacarrier
|
| 347 |
|
|
|a text file
|b PDF
|2 rda
|
| 490 |
1 |
|
|a Lecture Notes in Physics,
|x 0075-8450 ;
|v 762
|
| 505 |
0 |
|
|a Classical Percolation -- Non-linear Response, Semi-Classical Percolation and Breakdown in the RRTN Model -- Quantum Transmittance Through Random Media -- Quantum Percolation in Two Dimensions -- Quantum Percolation in Disordered Structures -- Quantum Percolation in the Quantum Hall Regime -- Percolative Quantum Transport in Manganites -- Classical and quantum breakdown in disordered -- Nonequilibrium Quantum Breakdown in a Strongly Correlated Electron System -- Percolation in quantum computation and.
|
| 520 |
|
|
|a This set of extensive tutorial reviews and lectures focusses on the semi-classical and quantum aspects of percolation methods and their application to breakdown phenomena in disordered composite or granular materials. It sets out to connect - for the first time and in a coherent fashion - many recent theoretical and experimental advances in adjacent fields, such as the investigation of nonlinear current-voltage characteristics of 'quantum-dotted' materials or Zener breakdown in Mott or Anderson insulators. Last but not least, a final chapter explores the application of quantum percolation methods to the rapidly emerging field of quantum computing and communication.
|
| 650 |
|
0 |
|a Physics.
|
| 650 |
|
0 |
|a Quantum physics.
|
| 650 |
|
0 |
|a Condensed matter.
|
| 650 |
|
0 |
|a Statistical physics.
|
| 650 |
|
0 |
|a Dynamical systems.
|
| 650 |
1 |
4 |
|a Physics.
|
| 650 |
2 |
4 |
|a Condensed Matter Physics.
|
| 650 |
2 |
4 |
|a Statistical Physics, Dynamical Systems and Complexity.
|
| 650 |
2 |
4 |
|a Numerical and Computational Physics.
|
| 650 |
2 |
4 |
|a Quantum Physics.
|
| 700 |
1 |
|
|a Chakrabarti, Bikas K.
|e editor.
|
| 700 |
1 |
|
|a Bardhan, Kamal K.
|e editor.
|
| 700 |
1 |
|
|a Sen, Asok K.
|e editor.
|
| 710 |
2 |
|
|a SpringerLink (Online service)
|
| 773 |
0 |
|
|t Springer eBooks
|
| 776 |
0 |
8 |
|i Printed edition:
|z 9783540854272
|
| 830 |
|
0 |
|a Lecture Notes in Physics,
|x 0075-8450 ;
|v 762
|
| 856 |
4 |
0 |
|u http://dx.doi.org/10.1007/978-3-540-85428-9
|z Full Text via HEAL-Link
|
| 912 |
|
|
|a ZDB-2-PHA
|
| 912 |
|
|
|a ZDB-2-LNP
|
| 950 |
|
|
|a Physics and Astronomy (Springer-11651)
|